| 000 | 00411nam a2200157Ia 4500 | ||
|---|---|---|---|
| 003 | OSt | ||
| 005 | 20260316142456.0 | ||
| 008 | 221117b |||||||| |||| 00| 0 hin d | ||
| 040 |
_aBGL _cBGL |
||
| 082 | _a891.43101JOS:G | ||
| 100 | _aजोशी देवव्रत | ||
| 245 | 0 | _aगद्यशिल्पी दिनकर | |
| 260 |
_aNew Delhi _bAnamila _c2013 |
||
| 300 | _a208p | ||
| 942 |
_cGB _2ddc |
||
| 999 |
_c28585 _d28585 |
||